| 000 | 01030 a2200205 4500 | ||
|---|---|---|---|
| 003 | NUST | ||
| 005 | 20221107134456.0 | ||
| 010 | _a 79050492 | ||
| 020 | _a0124178804 | ||
| 040 | _cNust | ||
| 082 | 0 | 0 | _a512,KOL |
| 100 | 1 |
_aKolman, Bernard, _938800 |
|
| 245 | 1 | 0 |
_aAlgebra for college students / _cBernard Kolman, Arnold Shapiro. |
| 260 |
_aNew York : _bAcademic Press, _cc1980. |
||
| 300 |
_axvi, 444, [63] p _bill. ; _c27 cm. |
||
| 505 | _aThe Real Number Systems (Page-1),Polynomials (Page-41),Linear Equation and In equations (Page-69),World Problems (Page-91),Algebraic Fractions (Page-113),Functions (Page-145),The Straight Line (Page-187),Exponents Radicals and Complex Numbers (Page-215),Second Degree Equation and In equations (Page-249),Exponentials and Logarithmic Functions (Page-279),Analytic Geometry (Page-325),Systems of Equations (Page-359),Matrices and Determination (Page-391),Topics of Algebra (Page-413). | ||
| 650 | 0 |
_aAlgebra. _98509 |
|
| 700 | 1 |
_aShapiro, Arnold, _9102421 |
|
| 942 |
_2ddc _cBK _k512,KOL |
||
| 999 |
_c181973 _d181973 |
||